| 000 | 00493nam a2200205Ia 4500 | ||
|---|---|---|---|
| 005 | 20221103151346.0 | ||
| 008 | 131103s9999 xx 000 0 und d | ||
| 020 | _a140214275 | ||
| 040 | _aLoreto College | ||
| 041 | _aEnglish | ||
| 082 |
_a148 _bMAR |
||
| 100 | _aMarcuse, Herbert | ||
| 245 | 3 |
_aAn Essay on liberation _cHerbert Marcuse |
|
| 260 |
_aHarmondsworth _bPenguin _c1969 |
||
| 300 | _a93p | ||
| 650 | _aLiberation | ||
| 651 | _aIdeologies | ||
| 850 | _aLCLIB | ||
| 942 | _cBK | ||
| 999 |
_c18939 _d69418 |
||